000 01006cam a2200289 a 4500
003 dpl
005 20180717165556.0
008 0
020 _a0070604878
_c0.00
035 _aB-190493
040 _aDPL
_c0
082 0 0 _a510
_bLIP
100 1 _aLipschutz, Seymour.
245 1 0 _aSchaum's outline of theory and problems of beginning finite mathematics /
_cby Seymour Lipschutz, John J. Schiller, R. Alu Srinivasan.
246 3 0 _aTheory and problems of beginning finite mathematics
246 1 4 _aBeginning finite mathematics
260 _aNew Delhi
_bMcGraw-Hill,
_c2005.
300 _ax,349p. :
_bill.;
_c28cm.
490 1 _aSchaum's outlines
500 _aIncludes index.
650 0 _aMathematics
_vProblems, exercises, etc.
700 1 _aSchiller, John J.
700 1 _aSrinivasan, R. Alu.
830 0 _aSchaum's outline series.
942 _2ddc
_cEN
_h510
_mLIP
999 _c154224
_d154224